Clash Royale: Skeletons or Goblins - Statistics

General Stats
  • This quiz has been taken 346 times
  • The average score is 11 of 12
Answer Stats
Question Answer % Correct
Barbarians Neither
97%
Cage Goblins
96%
Graveyard Skeletons
96%
Gang Goblins
95%
Hut Goblins
95%
Dart Goblins
95%
Army Skeletons
95%
Spear Goblins
94%
King Skeletons
93%
Dragons Skeletons
91%
Giant Both
87%
Barrel Both
86%
No matching quizzes found
Score Distribution
Percent of People with Each Score
Percentile by Number Answered
Your Score History
You have not taken this quiz